000 00928nam a2200253 a 4500
001 000035184
003 OSt
005 20240513183244.0
008 111025s1956 dr a 000 0 spa d
040 _aDO-SdBNP
_bspa
_cBNPHU
082 4 _a374.0124
_bH519m 1956
_222
100 1 _aHenríquez Almanzar, Carmen Adolfina
_958671
245 1 0 _aAlfabetizador dominicano Margarita /
_cCarmen Adolfina Henríquez Almanzar.
250 _a17a. ed.
260 _aCiudad Trujillo, República Dominicana :
_bConsejo Nacional de Educación,
_c1956.
300 _a94 p. :
_bil. ;
_c23 cm.
500 _aA la cabeza del titulo : Método ideo-visual
500 _aAprobado por Resolución núm. 23´39 del Consejo Nacional de Educación
590 _aInventariado, 2019 / DG
650 4 _aAlfabetización (Educación)
_977100
650 0 _aEducación primaria
_91420
910 _aValidado. Control de calidad MFF
942 _2ddc
_cLBS1
999 _c34675
_d34675